00333nas a2200133Ia 450000100030000000800410000304100130004424500170005726000240007431000140009850000350011254100310014736200210017856151030s9999 xx 000 0 und d0 aInglés10aJubilee News aInglaterra : Varios aIrregular aUbicación: Hemeroteca VARIOS aVarioscDonacióndh35001 aNo. 50 (2001)Ì